| Поле | Инд. | ПП | Название | Значение |
|---|---|---|---|---|
| Тип записи | a | |||
| Библиографический уровень | m | |||
| 001 | _ | Контрольный номер | RU\infra-m\znanium\bibl\2130384 | |
| 005 | _ | Дата корректировки | 20250915104040.0 | |
| 008 | Кодируемые данные | 231207s2023 RU g rus u | ||
| 020 | a | ISBN | 978-5-16-017864-6 | |
| 020 | a | ISBN | 978-5-16-110874-1 | |
| 040 | a | Служба первич. каталог. | Общество с ограниченной ответственностью «ЗНАНИУМ» | |
| 041 | a | Код языка текста | rus | |
| 044 | a | Код страны публикации | RU | |
| 080 | a | Индекс УДК | 001.8+02(075.8) | |
| 084 | 2 | Источник индекса | rubbk | |
| a | Индекс другой классификации/Индекс ББК | 16.0:78я73 | ||
| 084 | 2 | Источник индекса | okso | |
| a | Индекс другой классификации/Индекс ББК | 51.03.06 | ||
| 100 | 1_ | a | Автор | Лаврик Ольга Львовна |
| q | Полное имя | Ольга Львовна | ||
| u | Место работы, адрес | Новосибирский государственный педагогический университет | ||
| 245 | a | Заглавие | Аналитико-синтетическая переработка информации: теоретические основы, аннотирование, реферирование, конспектирование и подготовка дайджестов и обзоров | |
| b | Продолж. заглавия | Учебное пособие | ||
| c | Ответственность | Новосибирский государственный педагогический университет | ||
| 250 | a | Основные сведения об издании | 1 | |
| 260 | a | Место издания | Москва | |
| b | Издательство | ООО "Научно-издательский центр ИНФРА-М" | ||
| c | Дата издания | 2024 | ||
| 300 | a | Объем | 210 с. | |
| 440 | a | Серия | Высшее образование | |
| 520 | a | Аннотация | В учебном пособии дается всесторонняя характеристика аналитико-синтетической переработки информации (АСПИ) как учебной дисциплины теоретические основы свертывания информации и ряда видов АСПИ: аннотирования реферирования конспектирования и подготовки дайджестов и обзоров. | |
| 521 | a | Примеч. о целев. назн. | ВО - Бакалавриат | |
| 650 | a | Основная рубрика | Архитектура. Искусство | |
| x | Основная подрубрика | Библиотечное дело. Библиотековедение | ||
| 856 | 4_ | a | Имя сервера/домена | znanium.com |
| m | Помощь | ebs_support@infra-m.ru | ||
| n | Местонахождение сервера | НИЦ ИНФРА-М | ||
| u | URL | https://znanium.com/catalog/document?id=438961 | ||
| z | Примечание для пользователя | Участвует в КО | ||
| 856 | 41 | a | Имя сервера/домена | znanium.com |
| d | Путь | /cover/2130 | ||
| f | Электронное имя | 2130384.jpg | ||
| q | Тип электронного формата | image/jpeg | ||
| u | URL | https://znanium.com/cover/2130/2130384.jpg |